Normal view
MARC view
- RESEARCH METHODS IN SOCIAL RELATIONS
Entry Topical Term
001 - CONTROL NUMBER
- control field: 73888
003 - CONTROL NUMBER IDENTIFIER
- control field: NUST
005 - DATE AND TIME OF LATEST TRANSACTION
- control field: 20210628205110.0
008 - FIXED-LENGTH DATA ELEMENTS
- fixed length control field: 210628|| aca||aabn | a|a d
040 ## - CATALOGING SOURCE
- Original cataloging agency: NUST
- Transcribing agency: NUST
150 ## - HEADING--TOPICAL TERM
- Topical term or geographic name entry element: RESEARCH METHODS IN SOCIAL RELATIONS
670 ## - SOURCE DATA FOUND
- Source citation: Work cat.: (NUST): Kidder, Louise H, Judd, Charles M 73887, Research methods in social relations, 2007
